| 000 | 00713nam a2200229 a 4500 | ||
|---|---|---|---|
| 005 | 20240208063640.0 | ||
| 008 | 010918s1998 cl r 000 0 spa d | ||
| 020 | _a9582002573 | ||
| 035 | _aUPN01000111703 | ||
| 049 | _aCG | ||
| 050 | 4 |
_aPN181 _bF7.6 1998 |
|
| 100 | 1 |
_aFrías Navarro, Matilde _937641 |
|
| 245 | 1 | 0 |
_aProcesos creativos para la construcción de textos : _binterpretación y composición / _cMatilde Frías Navarro. |
| 250 | _a2a ed. | ||
| 260 |
_aSanta Fe de Bogotá : _bMagisterio, _c1998. |
||
| 300 | _a291 p. | ||
| 440 | 0 | _aAula abierta | |
| 650 | 4 |
_aCOMPOSICION LITERARIA _96075 |
|
| 650 | 4 |
_aESPAÑOL - _xCOMPOSICION Y EJERCICIOS _96152 |
|
| 650 | 4 |
_aRedacción _91538 |
|
| 905 | _aLibro | ||
| 999 |
_c85611 _d85611 |
||